Young Thomas Edison : (Record no. 9086)

MARC details
000 -LEADER
fixed length control field 01011nam a22003017a 4500
001 - CONTROL NUMBER
control field 9086
003 - CONTROL NUMBER IDENTIFIER
control field FISKH
005 - DATE AND TIME OF LATEST TRANSACTION
control field 20251119113956.0
008 - FIXED-LENGTH DATA ELEMENTS--GENERAL INFORMATION
fixed length control field 251119b cb ||||| |||| 00| 0 eng d
020 ## - INTERNATIONAL STANDARD BOOK NUMBER
International Standard Book Number 9780439793261
040 ## - CATALOGING SOURCE
Original cataloging agency FISKH
Language of cataloging eng
Transcribing agency FISKH
Modifying agency FISKH
050 ## - LIBRARY OF CONGRESS CALL NUMBER
Classification number TK140.E3 N37
082 ## - DEWEY DECIMAL CLASSIFICATION NUMBER
Classification number 621.3092
100 ## - MAIN ENTRY--PERSONAL NAME
Personal name Nemes, Clarire
245 ## - TITLE STATEMENT
Title Young Thomas Edison :
Remainder of title Great inventor /
Statement of responsibility, etc. by Claire Nemes : illustrated by John Himmelman
250 ## - EDITION STATEMENT
Edition statement First Scholastic printing, September 2005
260 ## - PUBLICATION, DISTRIBUTION, ETC.
Place of publication, distribution, etc. New York :
Name of publisher, distributor, etc. Scholastic ,
Date of publication, distribution, etc. 1996.
300 ## - PHYSICAL DESCRIPTION
Extent 31 pages :
Other physical details color illustrations ;
Dimensions 23 cm .
490 ## - SERIES STATEMENT
Series statement First-Start Biography
505 ## - FORMATTED CONTENTS NOTE
Formatted contents note L <br/>
520 ## - SUMMARY, ETC.
Summary, etc. A simple biography of the famous American who created more than 1,000 inventions and became known as "The Wizard of Menlo Park."
521 8# - TARGET AUDIENCE NOTE
Target audience note 530 <br/>
Source Lexile <br/>
521 8# - TARGET AUDIENCE NOTE
Target audience note L <br/>
Source Raz-Plus <br/>
650 ## - SUBJECT ADDED ENTRY--TOPICAL TERM
Topical term or geographic name entry element Expository
Form subdivision Non-fiction
650 ## - SUBJECT ADDED ENTRY--TOPICAL TERM
Topical term or geographic name entry element Famous people
Form subdivision Non-fiction
942 ## - ADDED ENTRY ELEMENTS (KOHA)
Source of classification or shelving scheme Dewey Decimal Classification
Koha item type Books
Suppress in OPAC No
Holdings
Withdrawn status Lost status Source of classification or shelving scheme Damaged status Not for loan Collection Home library Current library Shelving location Date acquired Total Checkouts Full call number Barcode Date last seen Copy number Price effective from Koha item type
    Dewey Decimal Classification     Non-Fiction Footprints International School Library Network Toul Tom Poung Campus Footprints International School Library Network Toul Tom Poung Campus TTP Primary Yellow Bookshelves 11/19/2025   NEM 621.3092 TK140.E3 N37 FISBK06065 11/19/2025 1 11/19/2025 Books